駅名に北口/南口/西口/東口を含む駅 - Statistics

General Stats
  • This quiz has been taken 44 times
  • The average score is 7 of 20
Answer Stats
Hint 都道府県 Answer % Correct
北口 兵庫県 西宮北口
92%
西口 東京都 新宿西口
75%
西口 奈良県 八木西口
58%
西口 奈良県 橿原神宮西口
56%
東口 栃木県 宇都宮駅東口
50%
北口 香川県 栗林公園北口
47%
南口 兵庫県 宝塚南口
47%
南口 神奈川県 海の公園南口
36%
南口 京都府 桃山南口
31%
南口 大阪府 柏原南口
28%
西口 兵庫県 鈴蘭台西口
28%
北口 奈良県 勢野北口
25%
南口 兵庫県 道場南口
25%
西口 京都府 洛西口
25%
西口 大阪府 富田林西口
25%
北口 兵庫県 アイランド北口
22%
南口 愛媛県 愛大医学部南口
22%
東口 大阪府 公園東口
17%
東口 香川県 木太東口
17%
北口 島根県 浜山公園北口
11%
No matching quizzes found
Score Distribution
Percent of People with Each Score
Percentile by Number Answered
Your Score History
You have not taken this quiz